Qui est l'aîné(e) dans cette famille de fiction ? - Statistiques

Statistiques générales
  • Ce quiz a été pris 22 fois
  • Le résultat moyen est 13 sur 60
Statistiques - réponses
Famille de fiction Univers Aîné(e) des enfants % Correct
Simpson Les Simpson Bart
75%
Weasley Harry Potter Bill
75%
Dalton Lucky Luke Joe
60%
Famille de Duchesse Les Aristochats Toulouse
60%
Darling Peter Pan Wendy
60%
Famille de Jinx League of Legends Vi
55%
Parr Les Indestructibles Violette
50%
DunBroch Rebelle Merida
45%
Pevensie Le Monde de Narnia Peter
45%
Ingalls La petite maison dans la prairie Marie
40%
Stark Game of Thrones Robb
40%
Famille du héros Malcolm Francis
35%
Kyle Ma famille d'abord Junior
35%
Famille de Gru Moi,moche et méchant Margo
35%
Bridgerton La Chronique des Bridgerton Anthony
30%
Kurosaki Bleach Ichigo
30%
Thunderman Les Thunderman Max/Phoebe
30%
Ewing Dallas J.R
25%
Wheeler Stranger Things Nancy
25%
Kamado Demon Slayer Tanjiro
25%
Gallagher Shameless Fiona
20%
Cooper Young Sheldon Georgie
20%
Charlotte One Piece Perospero
20%
Scavo Desperate Housewives Porter/Preston
20%
Tuche Les Tuche Stéphanie
20%
Famille de Gaara Naruto Temari
20%
Watterson Le Monde incroyable de Gumball Gumball
15%
Dieux de l'Olympe Mythologie grecque Hestia
15%
Liones Seven Deadly Sins Margaret
15%
Cooper Docteur Quinn, femme médecin Matthew
15%
Griffin Les Griffin Meg
15%
March Les Quatre Filles du docteur March Meg
15%
Strauss Fairy Tail Mirajane
15%
Halliwell Charmed Prudence
15%
Targaryen House of the Dragon Rhaenyra
15%
O'Hara Autant en emporte le vent Scarlett
15%
Famille de l'héroine La Petite Sirène Attina
10%
Heck The Middle Axel
10%
McCallister Maman j'ai raté l'avion Buzz
10%
Delajungle La Famille Delajungle Debbie
10%
Hale Teen Wolf Derek
10%
Zoldik Hunter X Hunter Irumi
10%
Verneuil Qu'est ce qu'on a fait au bon dieu ? Isabelle
10%
Famille du héros Les Gardiens de Ga'Hoole Kludd
10%
Loud Bienvenue chez les Loud Lori
10%
Dust Hazbin Hôtel Angel/Molly
5%
McFly Retour vers le futur Dave
5%
Croods Les Croods Eep
5%
Sully Avatar: La Voie de l'eau Neteyam
5%
Famille de Zira Le Roi Lion 2 Nuka
5%
Sano Tokyo Revengers Shinichiro
5%
Famille du héros Frère des Ours Sitka
5%
Chamade Signé Cat's Eyes Syl
5%
Todoroki My Hero Academia Toya
5%
Vacker (enfants d'Alden et Della) Gardiens des Cités perdues Alvar
0%
Valkyries Valkyrie Apocalypse Brunehilde
0%
Togami DanganRonpa Byakuya
0%
Roy Succession Connor
0%
Dunphy Modern Family Haley
0%
Baker Treize à la douzaine Nora
0%
Aucun quiz correspondant
Distribution des résultats
% des personnes avec chaque résultat
Percentile par nombre de réponses
Votre historique - résultats
Vous n’avez pas pris ce quiz